000 00345nam a22001697a 4500
005 20260617153256.0
020 _a978-81-993032-2-5
041 _aEnglish
082 _aT13 R25 RAV
100 _aRavindran.C.R
245 _aManiyapera
250 _a1
260 _aChennai
_bNCBH
_c2025
300 _a376
365 _b310.00
942 _cBK
999 _c177918
_d177918